مكتبة جامعة عجلون الوطنية

فهرس بحث المكتبة

Normal view MARC view
  • الادباء العرب - تراجم

Entry Topical Term

Number of records used in: 1

001 - CONTROL NUMBER

  • control field: 24370

003 - CONTROL NUMBER IDENTIFIER

  • control field: JO-AjAnu

005 - DATE AND TIME OF LATEST TRANSACTION

  • control field: 20230606074158.0

008 - FIXED-LENGTH DATA ELEMENTS

  • fixed length control field: 230606|| aca||aabn | a|a d

040 ## - CATALOGING SOURCE

  • Original cataloging agency: JO-AjAnu
  • Transcribing agency: JO-AjAnu

150 ## - HEADING--TOPICAL TERM

  • Topical term or geographic name entry element: الادباء العرب - تراجم

670 ## - SOURCE DATA FOUND

  • Source citation: Work cat.: (JO-AjAnu)12531: البغدادي، عبد القادر بن عمر؛ تحقيق مزاحم علي عشيش البعاج؛ مالك علي عشيش البعاج؛ مراجعة عمر محمد ديارنة, author 24369, كتاب تراجم الأدباء، ج1